| 000 | 00829cab a2200265 4500 | ||
|---|---|---|---|
| 001 | ABS57303 | ||
| 008 | 090401t1997 xxu||||| |||| 00| 0 eng d | ||
| 035 | _a(Sirsi) u79722 | ||
| 041 | _aeng | ||
| 100 | _aKirkwood, J. | ||
| 245 | _aSongs of appraisal | ||
| 260 | _c1997 | ||
| 350 | _a0 | ||
| 490 |
_aEstates Gazette _v(9727) 5 July 1997, 112-114(3) |
||
| 520 | _aSoftware review of "CALdes Developer", a Windows-based development appraisal, discounted cashflow, investment and project monitoring system. | ||
| 650 | _aCALDES DEVELOPER | ||
| 650 | _aDEVELOPMENT APPRAISAL | ||
| 650 | _aDISCOUNTED CASHFLOW | ||
| 650 | _aMANAGEMENT-PROJECT MANAGEMENT | ||
| 650 | _aREVIEW | ||
| 650 | _aSOFTWARE PACKAGES | ||
| 690 | _aMANAGEMENT-BUSINESS MANAGEMENT-INFORMATION MANAGEMENT | ||
| 942 | _n0 | ||
| 948 | _c18/07/1997 | ||
| 999 |
_c50149 _d50149 |
||